Emojis nach Buchstabe - B - Statistiken

Allgemein
  • Dieses Quiz wurde 168 mal gespielt
  • Das Durchschnittsergebnis liegt bei 23 aus 28
Antwortstatistiken
Emoji beginnend mit B Lösung % Korrekt
👶 Baby
100%
🍺 Bier
99%
🥨 Breze
99%
👓 Brille
99%
🚍 Bus
99%
🍴 Besteck
98%
🍐 Birne
98%
🛁 Badewanne
97%
👙 Bikini
97%
🏀 Basketball
96%
🧹 Besen
96%
🐝 Biene
96%
⛰️ Berg
94%
♟️ Bauer
91%
🇧🇪 Belgien
89%
📎 Büroklammer
89%
🫧 Blasen
81%
🏸 Badminton
79%
🥯 Bagel
79%
🫐 Blaubeeren
78%
🇧🇬 Bulgarien
72%
🌯 Burrito
68%
🩰 Ballett
63%
🧋 Bubble Tea
62%
🇧🇦 Bosnien-Herzegowina
57%
📊 Balkendiagramm
44%
🇧🇧 Barbados
43%
☸️ Buddhismus
16%
Keine übereinstimmenden Quizze gefunden
Verteilung der Resultate
Anzahl Personen mit jedem Resultat
Perzentil nach korrekt beantworteten Fragen
Ihre Resultats-Entwicklung
Sie haben dieses Quiz noch nicht gespielt